<?xml version="1.0" encoding="UTF-8"?>
<record
    xmlns:xsi="http://www.w3.org/2001/XMLSchema-instance"
    xsi:schemaLocation="http://www.loc.gov/MARC21/slim http://www.loc.gov/standards/marcxml/schema/MARC21slim.xsd"
    xmlns="http://www.loc.gov/MARC21/slim">

  <leader>00388pam a2200157a 44500</leader>
  <controlfield tag="008">230405s2009    xxu||||| |||| 00| 0 eng d</controlfield>
  <datafield tag="041" ind1=" " ind2=" ">
    <subfield code="a">ENG</subfield>
  </datafield>
  <datafield tag="100" ind1=" " ind2=" ">
    <subfield code="a">SHAH SHARANAM , VAISHALI</subfield>
  </datafield>
  <datafield tag="245" ind1=" " ind2=" ">
    <subfield code="a">LAMP PROGRAMMING FOR PROFESSIONALS</subfield>
  </datafield>
  <datafield tag="250" ind1=" " ind2=" ">
    <subfield code="a">2009</subfield>
  </datafield>
  <datafield tag="260" ind1=" " ind2=" ">
    <subfield code="a">MUMBAI</subfield>
    <subfield code="b">SHROFF PUBLICATIONS</subfield>
    <subfield code="c">2009</subfield>
  </datafield>
  <datafield tag="300" ind1=" " ind2=" ">
    <subfield code="a">1201</subfield>
  </datafield>
  <datafield tag="650" ind1=" " ind2=" ">
    <subfield code="a">COMPUTER SCIENCE</subfield>
  </datafield>
  <datafield tag="690" ind1=" " ind2=" ">
    <subfield code="a">MCA</subfield>
  </datafield>
  <datafield tag="906" ind1=" " ind2=" ">
    <subfield code="a">6922</subfield>
  </datafield>
  <datafield tag="999" ind1=" " ind2=" ">
    <subfield code="c">287733</subfield>
    <subfield code="d">287733</subfield>
  </datafield>
  <datafield tag="952" ind1=" " ind2=" ">
    <subfield code="0">0</subfield>
    <subfield code="1">0</subfield>
    <subfield code="4">0</subfield>
    <subfield code="7">0</subfield>
    <subfield code="8">C</subfield>
    <subfield code="a">YMK</subfield>
    <subfield code="b">YMK</subfield>
    <subfield code="c">19/1</subfield>
    <subfield code="d">2010-10-29</subfield>
    <subfield code="e">BHARATI BHANDAR</subfield>
    <subfield code="g">656.00</subfield>
    <subfield code="l">0</subfield>
    <subfield code="o">5.133</subfield>
    <subfield code="p">YMK-MCK-28681</subfield>
    <subfield code="r">2023-04-17 00:00:00</subfield>
    <subfield code="w">2023-04-17</subfield>
    <subfield code="y">BK</subfield>
  </datafield>
  <datafield tag="952" ind1=" " ind2=" ">
    <subfield code="0">0</subfield>
    <subfield code="1">0</subfield>
    <subfield code="4">0</subfield>
    <subfield code="7">0</subfield>
    <subfield code="8">C</subfield>
    <subfield code="a">YMK</subfield>
    <subfield code="b">YMK</subfield>
    <subfield code="c">46/3</subfield>
    <subfield code="d">2010-10-29</subfield>
    <subfield code="e">BHARATI BHANDAR</subfield>
    <subfield code="g">656.00</subfield>
    <subfield code="l">0</subfield>
    <subfield code="o">5.133</subfield>
    <subfield code="p">YMK-MCK-28680</subfield>
    <subfield code="r">2023-04-17 00:00:00</subfield>
    <subfield code="w">2023-04-17</subfield>
    <subfield code="y">BK</subfield>
  </datafield>
  <datafield tag="952" ind1=" " ind2=" ">
    <subfield code="0">0</subfield>
    <subfield code="1">0</subfield>
    <subfield code="4">0</subfield>
    <subfield code="7">0</subfield>
    <subfield code="8">C</subfield>
    <subfield code="a">YMK</subfield>
    <subfield code="b">YMK</subfield>
    <subfield code="c">19/1</subfield>
    <subfield code="d">2010-10-29</subfield>
    <subfield code="e">BHARATI BHANDAR</subfield>
    <subfield code="g">656.00</subfield>
    <subfield code="l">0</subfield>
    <subfield code="o">5.133</subfield>
    <subfield code="p">YMK-MCK-28679</subfield>
    <subfield code="r">2023-04-17 00:00:00</subfield>
    <subfield code="w">2023-04-17</subfield>
    <subfield code="y">BK</subfield>
  </datafield>
  <datafield tag="952" ind1=" " ind2=" ">
    <subfield code="0">0</subfield>
    <subfield code="1">0</subfield>
    <subfield code="4">0</subfield>
    <subfield code="7">0</subfield>
    <subfield code="8">C</subfield>
    <subfield code="a">YMK</subfield>
    <subfield code="b">YMK</subfield>
    <subfield code="c">19/1</subfield>
    <subfield code="d">2010-10-29</subfield>
    <subfield code="e">BHARATI BHANDAR</subfield>
    <subfield code="g">656.00</subfield>
    <subfield code="l">0</subfield>
    <subfield code="o">5.133</subfield>
    <subfield code="p">YMK-MCK-28678</subfield>
    <subfield code="r">2023-04-17 00:00:00</subfield>
    <subfield code="w">2023-04-17</subfield>
    <subfield code="y">BK</subfield>
  </datafield>
  <datafield tag="952" ind1=" " ind2=" ">
    <subfield code="0">0</subfield>
    <subfield code="1">0</subfield>
    <subfield code="4">0</subfield>
    <subfield code="7">0</subfield>
    <subfield code="8">C</subfield>
    <subfield code="a">YMK</subfield>
    <subfield code="b">YMK</subfield>
    <subfield code="c">46/3</subfield>
    <subfield code="d">2010-10-29</subfield>
    <subfield code="e">BHARATI BHANDAR</subfield>
    <subfield code="g">656.00</subfield>
    <subfield code="l">0</subfield>
    <subfield code="o">5.133</subfield>
    <subfield code="p">YMK-MCK-28677</subfield>
    <subfield code="r">2023-04-17 00:00:00</subfield>
    <subfield code="w">2023-04-17</subfield>
    <subfield code="y">BK</subfield>
  </datafield>
  <datafield tag="952" ind1=" " ind2=" ">
    <subfield code="0">0</subfield>
    <subfield code="1">0</subfield>
    <subfield code="4">0</subfield>
    <subfield code="7">0</subfield>
    <subfield code="8">C</subfield>
    <subfield code="a">YMK</subfield>
    <subfield code="b">YMK</subfield>
    <subfield code="c">19/1</subfield>
    <subfield code="d">2010-10-29</subfield>
    <subfield code="e">BHARATI BHANDAR</subfield>
    <subfield code="g">656.00</subfield>
    <subfield code="l">0</subfield>
    <subfield code="o">5.133</subfield>
    <subfield code="p">YMK-MCK-28676</subfield>
    <subfield code="r">2023-04-17 00:00:00</subfield>
    <subfield code="w">2023-04-17</subfield>
    <subfield code="y">BK</subfield>
  </datafield>
  <datafield tag="952" ind1=" " ind2=" ">
    <subfield code="0">0</subfield>
    <subfield code="1">0</subfield>
    <subfield code="4">0</subfield>
    <subfield code="7">0</subfield>
    <subfield code="8">C</subfield>
    <subfield code="a">YMK</subfield>
    <subfield code="b">YMK</subfield>
    <subfield code="c">19/1</subfield>
    <subfield code="d">2010-10-29</subfield>
    <subfield code="e">BHARATI BHANDAR</subfield>
    <subfield code="g">656.00</subfield>
    <subfield code="l">0</subfield>
    <subfield code="o">5.133</subfield>
    <subfield code="p">YMK-MCK-28675</subfield>
    <subfield code="r">2023-04-17 00:00:00</subfield>
    <subfield code="w">2023-04-17</subfield>
    <subfield code="y">BK</subfield>
  </datafield>
  <datafield tag="952" ind1=" " ind2=" ">
    <subfield code="0">0</subfield>
    <subfield code="1">0</subfield>
    <subfield code="4">0</subfield>
    <subfield code="7">0</subfield>
    <subfield code="8">C</subfield>
    <subfield code="a">YMK</subfield>
    <subfield code="b">YMK</subfield>
    <subfield code="c">46/3</subfield>
    <subfield code="d">2010-10-29</subfield>
    <subfield code="e">BHARATI BHANDAR</subfield>
    <subfield code="g">656.00</subfield>
    <subfield code="l">0</subfield>
    <subfield code="o">5.133</subfield>
    <subfield code="p">YMK-MCK-28674</subfield>
    <subfield code="r">2023-04-17 00:00:00</subfield>
    <subfield code="w">2023-04-17</subfield>
    <subfield code="y">BK</subfield>
  </datafield>
  <datafield tag="952" ind1=" " ind2=" ">
    <subfield code="0">0</subfield>
    <subfield code="1">0</subfield>
    <subfield code="4">0</subfield>
    <subfield code="7">0</subfield>
    <subfield code="8">C</subfield>
    <subfield code="a">YMK</subfield>
    <subfield code="b">YMK</subfield>
    <subfield code="c">19/1</subfield>
    <subfield code="d">2010-10-29</subfield>
    <subfield code="e">BHARATI BHANDAR</subfield>
    <subfield code="g">656.00</subfield>
    <subfield code="l">0</subfield>
    <subfield code="o">5.133</subfield>
    <subfield code="p">YMK-MCK-28673</subfield>
    <subfield code="r">2023-04-17 00:00:00</subfield>
    <subfield code="w">2023-04-17</subfield>
    <subfield code="y">BK</subfield>
  </datafield>
  <datafield tag="952" ind1=" " ind2=" ">
    <subfield code="0">0</subfield>
    <subfield code="1">0</subfield>
    <subfield code="4">0</subfield>
    <subfield code="7">0</subfield>
    <subfield code="8">C</subfield>
    <subfield code="a">YMK</subfield>
    <subfield code="b">YMK</subfield>
    <subfield code="c">19/1</subfield>
    <subfield code="d">2010-10-29</subfield>
    <subfield code="e">BHARATI BHANDAR</subfield>
    <subfield code="g">656.00</subfield>
    <subfield code="l">0</subfield>
    <subfield code="o">5.133</subfield>
    <subfield code="p">YMK-MCK-28672</subfield>
    <subfield code="r">2023-04-17 00:00:00</subfield>
    <subfield code="w">2023-04-17</subfield>
    <subfield code="y">BK</subfield>
  </datafield>
</record>
